Aircraft Structures for engineering students / (Record no. 606834)
[ view plain ]
| 000 -LEADER | |
|---|---|
| fixed length control field | 00385nam a22001457a 4500 |
| 040 ## - CATALOGING SOURCE | |
| Transcribing agency | NUST |
| 082 ## - DEWEY DECIMAL CLASSIFICATION NUMBER | |
| Classification number | 629.1343 |
| Author Mark | MEG |
| 100 ## - MAIN ENTRY--PERSONAL NAME | |
| Personal name | T. H. G. Megson |
| 9 (RLIN) | 118658 |
| 245 ## - TITLE STATEMENT | |
| Title | Aircraft Structures for engineering students / |
| Statement of responsibility, etc. | T. H. G. Megson |
| 250 ## - EDITION STATEMENT | |
| Edition statement | Third Edition |
| 260 ## - PUBLICATION, DISTRIBUTION, ETC. | |
| Place of publication, distribution, etc. | Burlington : |
| Name of publisher, distributor, etc. | Butterworth-Heinemann; |
| Date of publication, distribution, etc. | 1999. |
| 300 ## - PHYSICAL DESCRIPTION | |
| Extent | 610p. |
| 521 ## - TARGET AUDIENCE NOTE | |
| Source | HB |
| 942 ## - ADDED ENTRY ELEMENTS (KOHA) | |
| Source of classification or shelving scheme | |
| Koha item type | Book |
| Withdrawn status | Lost status | Source of classification or shelving scheme | Damaged status | Not for loan | Permanent Location | Current Location | Shelving location | Date acquired | Total Checkouts | Full call number | Barcode | Checked out | Date last seen | Date last checked out | Price effective from | Koha item type |
|---|---|---|---|---|---|---|---|---|---|---|---|---|---|---|---|---|
| School of Mechanical & Manufacturing Engineering (SMME) | School of Mechanical & Manufacturing Engineering (SMME) | Aerospace Engineering | 11/27/2023 | 2 | 629.1343 MEG | SMME-4459 | 05/14/2026 | 04/14/2026 | 04/14/2026 | 11/27/2023 | Book | |||||
| School of Mechanical & Manufacturing Engineering (SMME) | School of Mechanical & Manufacturing Engineering (SMME) | Aerospace Engineering | 11/27/2023 | 629.1343 MEG | SMME-4460 | 11/27/2023 | 11/27/2023 | Book | ||||||||
| School of Mechanical & Manufacturing Engineering (SMME) | School of Mechanical & Manufacturing Engineering (SMME) | Aerospace Engineering | 11/27/2023 | 629.1343 MEG | SMME-4461 | 11/27/2023 | 11/27/2023 | Book |
